| Tag |
First Indicator |
Second Indicator |
Subfields |
| LEADER |
00000cam a2200000 i 4500 |
| 001 |
in00000068655 |
| 005 |
20151008050248.0 |
| 008 |
790116s1979 nyua b 00100 eng |
| 010 |
|
|
|a 79000351
|
| 020 |
|
|
|a 0306402300
|
| 035 |
|
|
|a (OCoLC)04638142
|
| 035 |
|
|
|9 AAG0195AM
|
| 040 |
|
|
|a DLC
|c DLC
|d OCL
|d TXA
|d UtOrBLW
|
| 049 |
|
|
|a TXAM
|c [1159852]
|
| 050 |
0 |
0 |
|a QD96.M3
|b P72
|
| 082 |
0 |
|
|a 545/.33
|
| 245 |
0 |
0 |
|a Practical mass spectrometry :
|b a contemporary introduction /
|c edited by Brian S. Middleditch.
|
| 264 |
|
1 |
|a New York :
|b Plenum Press,
|c [1979]
|
| 264 |
|
4 |
|c ©1979
|
| 300 |
|
|
|a xv, 387 pages :
|b illustrations ;
|c 24 cm.
|
| 336 |
|
|
|a text
|b txt
|2 rdacontent
|
| 337 |
|
|
|a unmediated
|b n
|2 rdamedia
|
| 338 |
|
|
|a volume
|b nc
|2 rdacarrier
|
| 504 |
|
|
|a Includes bibliographies and index.
|
| 650 |
|
0 |
|a Mass spectrometry.
|
| 700 |
1 |
|
|a Middleditch, Brian S.
|
| 999 |
|
|
|a MARS
|
| 999 |
f |
f |
|s 04e1f310-0556-3f0e-ae0e-e377efcae0c1
|i ea04b14b-f6a9-35cf-bf25-0ba3eac149e4
|t 0
|
| 952 |
f |
f |
|p normal
|a Texas A&M University
|b College Station
|c Sterling C. Evans Library
|d Evans: Library Stacks
|t 0
|e QD96.M3 P72
|h Library of Congress classification
|i unmediated -- volume
|m A14804680304
|
| 998 |
f |
f |
|a QD96.M3 P72
|t 0
|l Evans: Library Stacks
|